00374nam a22001217a 450000500170000000800410001708200200005824500880007826000540016630000110022065000100023165000110024120240307001641.0240306b |||||||| |||| 00| 0 eng d 222a323.4bASI. aAsian human rights charter :bA people's charter /cAsian human rights commission . aHong Kong :bAsian Human Rights Commissionc1988. a36 p., apeace aRights